00546nam a2200193Ii 4500001000400000003000900004008004100013020001500054040003300069041000800102082001700110100001800127245006300145264005100208300001200259336002600271337002800297338002700325901CO-ViMGA241108s9999||||xx |||||||||||||| ||und|| a8485334922 aCO-ViMGAbspaerdacCO-ViMGA0 aspa04a636.083 J15l1 aBarbara James10aLo que tú debes saber sobre los derechos de los animales 1aMadrid, España : Lóguez Lector Joven, 2002 avolumen atextbtxt2rdacontent aunmediatedbn2rdamedia avolumebnc2rdacarrier